[Event "Quebec op"]
[Site "Longueuil"]
[Date "2019.07.26"]
[Round "8"]
[White "Chiku Ratte, Olivier Kenta"]
[Black "Prahov, Valentin Asenov"]
[Result "1-0"]
[WhiteElo "2364"]
[BlackElo "2055"]
[PlyCount "63"]
[EventDate "2019.07.20"]
[EventType "swiss"]
[EventRounds "9"]
[EventCountry "CAN"]
[SourceTitle "CBM 191 Extra"]
[Source "ChessBase"]
[SourceDate "2019.09.30"]
[SourceVersion "1"]
[SourceVersionDate "2019.09.30"]
[SourceQuality "1"]

1. d4 Nf6 2. c4 g6 3. Nc3 d5 4. cxd5 Nxd5 5. e4 Nxc3 6. bxc3 Bg7 7. Nf3 0-0 8. Be2 c5 9. Rb1 Nc6 10. d5 Bxc3+ 11. Bd2 Bxd2+ 12. Qxd2 Na5 13. h4 f6 14. h5 g5 15. h6 Kh8 16. Qc3 Rg8 17. Qxc5 b6 18. Qc3 Bd7 19. Ne5 Be8 20. Bg4 Qd6 21. Nd3 Rd8 22. Be6 Rg6 23. e5 Qb8 24. 0-0 Rxh6 25. f4 g4 26. d6 Qb7 27. Nc5 Qc6 28. dxe7 Rd3 29. Qxd3 Qxc5+ 30. Rf2 Rh1+ 31. Kxh1 Qxf2 32. Qd8 1-0

[Event "Quebec op"]
[Site "Quebec"]
[Date "2018.07.28"]
[Round "9"]
[White "Poulin, Maurice"]
[Black "Prahov, Valentin Asenov"]
[Result "1-0"]
[WhiteElo "1970"]
[BlackElo "2105"]
[PlyCount "131"]
[EventDate "2018.07.21"]
[EventType "swiss"]
[EventRounds "9"]
[EventCountry "CAN"]
[SourceTitle "CBM 186 Extra"]
[Source "ChessBase"]
[SourceDate "2018.08.24"]
[SourceVersion "1"]
[SourceVersionDate "2018.08.24"]
[SourceQuality "1"]

1. e4 c5 2. Nf3 e6 3. Nc3 Nc6 4. Bb5 Nge7 5. 0-0 a6 6. Bxc6 Nxc6 7. d4 cxd4 8. Nxd4 Qc7 9. Kh1 b6 10. Re1 Bc5 11. Nxc6 dxc6 12. Be3 Bxe3 13. Rxe3 e5 14. Qh5 0-0 15. Rd1 Be6 16. Red3 f6 17. R1d2 Rad8 18. Qd1 Rxd3 19. Rxd3 g6 20. a3 Kf7 21. Qd2 Kg7 22. Nd1 Rf7 23. Ne3 b5 24. b4 Rd7 25. Rxd7+ Qxd7 26. Qxd7+ Bxd7 27. c4 bxc4 28. Nxc4 Kf7 29. Kg1 Ke7 30. Kf1 Be6 31. Na5 Kd7 32. Nb7 Kc7 33. Nc5 Bc8 34. Ke2 Kb6 35. Kd3 a5 36. Kc4 axb4 37. Kxb4 f5 38. a4 fxe4 39. a5+ Kc7 40. Nxe4 Bf5 41. Ng5 h5 42. Kc5 Bd3 43. Nf7 e4 44. h4 Kd7 45. Ng5 Kc7 46. Ne6+ Kb7 47. Nd8+ Ka6 48. Nxc6 Bf1 49. g3 Bb5 50. Ne5 Kxa5 51. Nxg6 Be2 52. Kd5 Bf3 53. Ke5 Kb6 54. Kd4 Kc7 55. Ne5 Bh1 56. Nc4 Kd7 57. Ke5 Ke7 58. Nd6 Bf3 59. Nxe4 Bd1 60. f4 Kf7 61. f5 Bb3 62. Ng5+ Kg7 63. f6+ Kg6 64. f7 Kg7 65. Kf5 Bc2+ 66. Ke6 1-0

[Event "Montreal Pere Noel op"]
[Site "Montreal"]
[Date "2016.12.30"]
[Round "5"]
[White "Prahov, Valentin Asenov"]
[Black "Marin, Sam"]
[Result "0-1"]
[WhiteElo "2131"]
[BlackElo "1977"]
[PlyCount "126"]
[EventDate "2016.12.26"]
[EventType "swiss"]
[EventRounds "5"]
[EventCountry "CAN"]
[SourceTitle "CBM 176 Extra"]
[Source "ChessBase"]
[SourceDate "2017.03.02"]
[SourceVersion "1"]
[SourceVersionDate "2017.03.02"]
[SourceQuality "1"]

1. e4 e6 2. d4 d5 3. e5 c5 4. c3 Nc6 5. Nf3 Qb6 6. a3 Nh6 7. b4 cxd4 8. cxd4 Nf5 9. Be3 Bd7 10. Bd3 Rc8 11. Bxf5 exf5 12. 0-0 Nd8 13. Qd3 Qb5 14. Qb3 Ne6 15. Nc3 Qd3 16. Rac1 f4 17. Rfd1 Rxc3 18. Rxc3 Qa6 19. Bd2 Ba4 20. Qb1 Bxd1 21. Qxd1 Be7 22. Qb3 Qb5 23. Rc8+ Bd8 24. a4 Qd7 25. Rc1 0-0 26. b5 Bb6 27. Qb4 Rc8 28. Rxc8+ Qxc8 29. a5 Bd8 30. h3 Qd7 31. Ne1 Be7 32. Qb2 Qc8 33. Qc3 Qxc3 34. Bxc3 Nc7 35. b6 axb6 36. axb6 Nb5 37. Bb2 Bd8 38. Nd3 g5 39. h4 h6 40. hxg5 hxg5 41. Nb4 Bxb6 42. Nc2 Kf8 43. Kf1 Ke7 44. Ke2 Ke6 45. Kd3 Bd8 46. f3 f6 47. exf6 Bxf6 48. Nb4 Nd6 49. Nc2 Nf5 50. Ke2 Kd6 51. Kd3 Nh4 52. Ne1 Bd8 53. Bc3 Kc6 54. Ke2 Kb5 55. Kf2 Kc4 56. Bd2 Nf5 57. g4 Nxd4 58. Ng2 Bc7 59. Ne1 Nb3 60. Ke2 Nxd2 61. Kxd2 Ba5+ 62. Ke2 Bxe1 63. Kxe1 Kc3 0-1

[Event "Quebec-ch op"]
[Site "Montreal"]
[Date "2016.07.24"]
[Round "3"]
[White "Jacquet, Stephane"]
[Black "Prahov, Valentin Asenov"]
[Result "0-1"]
[WhiteElo "1969"]
[BlackElo "2188"]
[PlyCount "66"]
[EventDate "2016.07.23"]
[EventType "swiss"]
[EventRounds "8"]
[EventCountry "CAN"]
[SourceTitle "CBM 173 Extra"]
[Source "ChessBase"]
[SourceDate "2016.08.29"]
[SourceVersion "1"]
[SourceVersionDate "2016.08.29"]
[SourceQuality "1"]

1. d4 Nf6 2. c4 g6 3. Nc3 d5 4. cxd5 Nxd5 5. e4 Nxc3 6. bxc3 Bg7 7. Bc4 c5 8. Ne2 0-0 9. 0-0 cxd4 10. cxd4 Nc6 11. Be3 Bg4 12. f3 Na5 13. Bd3 Be6 14. d5 Bxa1 15. Qxa1 f6 16. Qd4 Bf7 17. Bh6 Re8 18. Rb1 Qd6 19. f4 Rec8 20. Rb5 Qd8 21. h4 b6 22. f5 Rc5 23. fxg6 hxg6 24. h5 g5 25. Ng3 Nc6 26. Qe3 Ne5 27. Rxc5 bxc5 28. Bc2 Ng4 29. Qd3 c4 30. Qxc4 Qb6+ 31. Kh1 Qf2 32. Nf1 Nxh6 33. Qd3 Rc8 0-1

[Event "Montreal op"]
[Site "Montreal"]
[Date "2014.09.06"]
[Round "2"]
[White "Hebert, Jean"]
[Black "Prahov, Valentin Asenov"]
[Result "1/2-1/2"]
[WhiteElo "2457"]
[BlackElo "2256"]
[PlyCount "30"]
[EventDate "2014.09.05"]
[EventType "swiss"]
[EventRounds "5"]
[EventCountry "CAN"]
[SourceTitle "EXT 2022"]
[Source "ChessBase"]
[SourceDate "2021.10.06"]
[SourceVersion "1"]
[SourceVersionDate "2021.10.06"]
[SourceQuality "1"]

1. Nf3 Nf6 2. c4 g6 3. Nc3 d5 4. cxd5 Nxd5 5. Qb3 Nb6 6. d4 Be6 7. Qc2 Nc6 8. Bf4 Nxd4 9. Nxd4 Qxd4 10. Bxc7 Bg7 11. e3 Qc5 12. Bxb6 Bxc3+ 13. bxc3 axb6 14. Be2 0-0 15. 0-0 Rfc8 1/2-1/2

[Event "Quebec-ch Senior"]
[Site "Montreal"]
[Date "2014.02.09"]
[Round "5"]
[White "Prahov, Valentin Asenov"]
[Black "Boudreau, Daniel"]
[Result "1-0"]
[WhiteElo "2237"]
[BlackElo "2026"]
[PlyCount "87"]
[EventDate "2014.02.07"]
[EventType "swiss"]
[EventRounds "5"]
[EventCountry "CAN"]
[SourceTitle "EXT 2022"]
[Source "ChessBase"]
[SourceDate "2021.10.06"]
[SourceVersion "1"]
[SourceVersionDate "2021.10.06"]
[SourceQuality "1"]

1. e4 c5 2. d4 cxd4 3. c3 Nf6 4. e5 Nd5 5. cxd4 e6 6. Nc3 d6 7. Nf3 Nc6 8. Bb5 Nxc3 9. bxc3 d5 10. Bd2 Bd7 11. Bd3 Na5 12. Ng5 g6 13. h4 h6 14. Nf3 Nc4 15. Bxc4 dxc4 16. h5 g5 17. Nh2 Bc6 18. 0-0 Qd5 19. f3 g4 20. Nxg4 Be7 21. a4 Qa5 22. Qe2 Qa6 23. Ne3 Bxa4 24. Nxc4 Qc6 25. Rfb1 b5 26. Ne3 Bg5 27. Ng4 Be7 28. Qd3 0-0-0 29. Nxh6 Rxh6 30. Bxh6 Rh8 31. Bd2 Rxh5 32. Kf2 Bh4+ 33. g3 Bd8 34. Rh1 Rxh1 35. Rxh1 Bb6 36. Rh7 Kb7 37. Rxf7+ Ka6 38. g4 Bb3 39. g5 Bc4 40. Qe4 Bd5 41. Qb1 Ba5 42. Qa1 Kb6 43. g6 Qe8 44. Qa3 1-0

[Event "Quebec-ch Senior"]
[Site "Montreal"]
[Date "2014.02.08"]
[Round "3"]
[White "Prahov, Valentin Asenov"]
[Black "Gilbert, Erick"]
[Result "1-0"]
[WhiteElo "2237"]
[BlackElo "1907"]
[PlyCount "53"]
[EventDate "2014.02.07"]
[EventType "swiss"]
[EventRounds "5"]
[EventCountry "CAN"]
[SourceTitle "EXT 2022"]
[Source "ChessBase"]
[SourceDate "2021.10.06"]
[SourceVersion "1"]
[SourceVersionDate "2021.10.06"]
[SourceQuality "1"]

1. e4 g6 2. d4 Bg7 3. Nc3 d6 4. Nf3 c6 5. a4 b6 6. Be2 Nf6 7. 0-0 0-0 8. h3 Ba6 9. Be3 Re8 10. Bxa6 Nxa6 11. Qd2 Nd7 12. Rad1 Rc8 13. Bh6 Nf8 14. h4 Nc7 15. h5 Nd7 16. g3 Nf6 17. hxg6 fxg6 18. Kg2 Rf8 19. Rh1 Nh5 20. Rh4 Ne6 21. Rdh1 Rxf3 22. Bxg7 Kxg7 23. Kxf3 Qf8+ 24. Kg2 Qf6 25. Ne2 Ng5 26. Qe3 Re8 27. Nf4 1-0

[Event "Montreal Pere Noel op"]
[Site "Montreal"]
[Date "2013.12.30"]
[Round "5"]
[White "Prahov, Valentin Asenov"]
[Black "Sambuev, Bator"]
[Result "0-1"]
[WhiteElo "2205"]
[BlackElo "2588"]
[PlyCount "98"]
[EventDate "2013.12.26"]
[EventType "swiss"]
[EventRounds "5"]
[EventCountry "CAN"]
[SourceTitle "CBM 158 Extra"]
[Source "ChessBase"]
[SourceDate "2014.02.28"]
[SourceVersion "1"]
[SourceVersionDate "2014.02.28"]
[SourceQuality "1"]

1. e4 d6 2. d4 Nf6 3. Nc3 e5 4. Nf3 Nbd7 5. Bc4 Be7 6. 0-0 0-0 7. h3 c6 8. a4 b6 9. Be3 Bb7 10. Qe2 a6 11. Rad1 b5 12. dxe5 dxe5 13. Bb3 Qc7 14. Nh4 Nc5 15. Nf5 Nxb3 16. cxb3 Bc8 17. Nxe7+ Qxe7 18. Qc2 Qb4 19. Na2 Qxe4 20. Qxe4 Nxe4 21. f3 Nf6 22. Nb4 Be6 23. Rd3 bxa4 24. Nxc6 axb3 25. Nxe5 Rfc8 26. Rfd1 h5 27. g4 a5 28. g5 Ne8 29. h4 a4 30. Ra1 Rc2 31. Rd2 Rxd2 32. Bxd2 Nd6 33. g6 fxg6 34. Nxg6 Nf5 35. Nf4 Bf7 36. Be1 Nd4 37. Kf2 Nc2 38. Rd1 Rc8 39. Ne2 a3 40. bxa3 Nxe1 41. Kxe1 Bg6 42. Kd2 Rd8+ 43. Ke1 Rxd1+ 44. Kxd1 b2 45. Nc3 b1Q+ 46. Nxb1 Bxb1 47. a4 Bd3 48. a5 Kf7 49. Kd2 Ba6 0-1

[Event "Montreal op"]
[Site "Montreal"]
[Date "2013.09.07"]
[Round "3"]
[White "Kleinman, Michael"]
[Black "Prahov, Valentin Asenov"]
[Result "1/2-1/2"]
[WhiteElo "2292"]
[BlackElo "2135"]
[PlyCount "63"]
[EventDate "2013.09.06"]
[EventType "swiss"]
[EventRounds "5"]
[EventCountry "CAN"]
[SourceTitle "EXT 2022"]
[Source "ChessBase"]
[SourceDate "2021.10.06"]
[SourceVersion "1"]
[SourceVersionDate "2021.10.06"]
[SourceQuality "1"]

1. e4 c5 2. Nf3 e6 3. g3 Nc6 4. Bg2 Nf6 5. Qe2 d5 6. exd5 Nxd5 7. 0-0 Be7 8. Rd1 Bf6 9. Nc3 Nxc3 10. dxc3 Qb6 11. Nd2 0-0 12. Nc4 Qa6 13. Kf1 Na5 14. Nd6 Qxe2+ 15. Kxe2 Rb8 16. Bf4 b6 17. Nxc8 Rbxc8 18. Rd7 Nc4 19. Rb1 a5 20. Bb7 Rcd8 21. Rxd8 Rxd8 22. Ba6 Nd6 23. Ke1 Kf8 24. a4 Ke7 25. f3 g5 26. Be3 Nf5 27. Bf2 h5 28. Rd1 Rxd1+ 29. Kxd1 Kd6 30. Kd2 Be5 31. Be3 Nxe3 32. Kxe3 1/2-1/2

[Event "Quebec-ch op"]
[Site "Montreal"]
[Date "2012.07.26"]
[Round "7"]
[White "Leveille, Francois"]
[Black "Prahov, Valentin Asenov"]
[Result "0-1"]
[WhiteElo "2301"]
[BlackElo "2209"]
[PlyCount "52"]
[EventDate "2012.07.21"]
[EventType "swiss"]
[EventRounds "9"]
[EventCountry "CAN"]
[SourceTitle "CBM 149 Extra"]
[Source "ChessBase"]
[SourceDate "2012.08.24"]
[SourceVersion "1"]
[SourceVersionDate "2012.08.24"]
[SourceQuality "1"]

1. Nf3 Nf6 2. c4 g6 3. Nc3 d5 4. cxd5 Nxd5 5. g3 Bg7 6. Bg2 0-0 7. 0-0 c5 8. Nxd5 Qxd5 9. d3 Nc6 10. Be3 Bxb2 11. Rb1 Bf6 12. Nd4 Qxa2 13. Nxc6 bxc6 14. Bxc5 Bg4 15. f3 Be6 16. d4 a5 17. e4 Rfd8 18. Rf2 Bxd4 19. Bxd4 Rxd4 20. Qe1 Qa4 21. h4 Rad8 22. Rf1 Bc4 23. Ra1 Qb4 24. Qxb4 axb4 25. Rfc1 b3 26. Rab1 Rd2 0-1

[Event "Quebec-ch op"]
[Site "Montreal"]
[Date "2012.07.24"]
[Round "5"]
[White "Prahov, Valentin Asenov"]
[Black "Kraiouchkine, Nikita"]
[Result "0-1"]
[WhiteElo "2209"]
[BlackElo "2204"]
[PlyCount "100"]
[EventDate "2012.07.21"]
[EventType "swiss"]
[EventRounds "9"]
[EventCountry "CAN"]
[SourceTitle "CBM 149 Extra"]
[Source "ChessBase"]
[SourceDate "2012.08.24"]
[SourceVersion "1"]
[SourceVersionDate "2012.08.24"]
[SourceQuality "1"]

1. e4 c5 2. d4 cxd4 3. c3 dxc3 4. Nxc3 Nc6 5. Nf3 e6 6. Bc4 a6 7. 0-0 Qc7 8. Qe2 Nge7 9. Rd1 Ng6 10. Bg5 Bc5 11. Rac1 0-0 12. Bb3 d6 13. h4 f6 14. h5 Nge5 15. Bf4 Nxf3+ 16. Qxf3 Nd4 17. Rxd4 Bxd4 18. Nb5 Qb6 19. Nxd6 Bd7 20. Nf5 Kh8 21. Nxd4 e5 22. Ne2 exf4 23. Nxf4 Be8 24. Qg3 Bf7 25. Ng6+ Bxg6 26. hxg6 Rac8 27. Rxc8 Rxc8 28. Qh3 Rc1+ 29. Kh2 Qd6+ 30. g3 h6 31. Bd5 Qe5 32. Kg2 Rc7 33. a4 f5 34. Qxf5 Qxf5 35. exf5 Rc5 36. Be6 b5 37. axb5 Rxb5 38. b3 Rb4 39. f3 a5 40. g4 a4 41. bxa4 Rxa4 42. Kg3 Rd4 43. Kf2 Ra4 44. Ke3 Rb4 45. Bd5 Ra4 46. Kd3 Rb4 47. Bc4 h5 48. g5 Rxc4 49. Kxc4 h4 50. f6 Kg8 0-1

[Event "Quebec-ch op"]
[Site "Montreal"]
[Date "2012.07.21"]
[Round "1"]
[White "Prahov, Valentin Asenov"]
[Black "Naroditsky, Daniel"]
[Result "0-1"]
[WhiteElo "2209"]
[BlackElo "2486"]
[PlyCount "124"]
[EventDate "2012.07.21"]
[EventType "swiss"]
[EventRounds "9"]
[EventCountry "CAN"]
[SourceTitle "CBM 149 Extra"]
[Source "ChessBase"]
[SourceDate "2012.08.24"]
[SourceVersion "1"]
[SourceVersionDate "2012.08.24"]
[SourceQuality "1"]

1. e4 c5 2. d4 cxd4 3. c3 d3 4. Bxd3 Nc6 5. Nf3 g6 6. 0-0 Bg7 7. Be3 Nf6 8. h3 0-0 9. Nbd2 d5 10. Qe2 dxe4 11. Nxe4 Nd5 12. Rad1 Nxe3 13. Qxe3 Qc7 14. Rfe1 b6 15. Rd2 Bb7 16. Red1 Na5 17. a3 Nb3 18. Re2 Rad8 19. Bc2 Rxd1+ 20. Bxd1 Na5 21. Ned2 e6 22. Bb3 Nxb3 23. Nxb3 Bd5 24. Nbd4 a6 25. Re1 e5 26. Nc2 e4 27. Nfd4 Be5 28. g3 Qd7 29. Kh2 f5 30. f4 Bc7 31. Rd1 Bc4 32. Rd2 Qf7 33. Ne1 Qf6 34. b3 Bf7 35. c4 Bd6 36. Nec2 Bc5 37. Qc3 Rd8 38. Ne2 Rxd2 39. Qxd2 Qb2 40. Qc3 Qb1 41. b4 Qd1 42. Ncd4 Bxd4 43. Nxd4 Qf1 44. Qe3 Qxc4 45. g4 Qd3 46. Qxd3 exd3 47. Nf3 fxg4 48. hxg4 h5 49. gxh5 gxh5 50. Kg3 Bd5 51. Nd2 Kf7 52. Kf2 Kf6 53. Ke3 Kf5 54. a4 h4 55. a5 b5 56. Kxd3 Kxf4 57. Kd4 Bg2 58. Kc5 h3 59. Kb6 h2 60. Kxa6 h1Q 61. Kxb5 Qd1 62. Nc4 Qd5+ 0-1

[Event "Quebec-ch classe"]
[Site "Montreal"]
[Date "2012.01.22"]
[Round "5"]
[White "Kraiouchkine, Nikita"]
[Black "Prahov, Valentin Asenov"]
[Result "1-0"]
[WhiteElo "2331"]
[BlackElo "2109"]
[PlyCount "59"]
[EventDate "2012.01.20"]
[EventType "swiss"]
[EventRounds "5"]
[EventCountry "CAN"]
[SourceTitle "EXT 2022"]
[Source "ChessBase"]
[SourceDate "2021.10.06"]
[SourceVersion "1"]
[SourceVersionDate "2021.10.06"]
[SourceQuality "1"]

1. d4 Nf6 2. Nf3 g6 3. c4 Bg7 4. g3 0-0 5. Bg2 c6 6. b3 d5 7. Bb2 a5 8. c5 b6 9. cxb6 Qxb6 10. Nc3 a4 11. Ba3 axb3 12. Qxb3 Qxb3 13. axb3 Re8 14. 0-0 Bf5 15. Rfc1 Nfd7 16. e3 e5 17. Bd6 Rxa1 18. Rxa1 exd4 19. exd4 Be4 20. Nxe4 dxe4 21. Ng5 Bxd4 22. Rd1 c5 23. Nxe4 Na6 24. Ng5 h6 25. Nf3 Bf6 26. Bf1 Nb4 27. Bb5 Ne5 28. Bxe8 Nxf3+ 29. Kg2 Ne5 30. Bxc5 1-0